| 000 | 00684cam a2200205 a 4500 | ||
|---|---|---|---|
| 020 | _a1422116913 (hardcover : alk. paper) | ||
| 020 | _a9781422116913 (hardcover : alk. paper) | ||
| 040 | _cDLC | ||
| 082 | 0 | 0 | _a658 HAR 2007 A113 Or. |
| 100 | 1 | _aEagly, Alice Hendrickson. | |
| 245 | 1 | 0 |
_aThrough the labyrinth : _bthe truth about how women become leaders / |
| 260 |
_aBoston, Mass. : _bHarvard Business School Press, _cc2007. |
||
| 300 |
_axii, 308 p. : _bill. ; _c25 cm. |
||
| 650 | 0 | _aWomen executives. | |
| 650 | 0 | _aWomen | |
| 650 | 0 | _aLeadership in women. | |
| 700 | 1 | _aCarli, Linda Lorene, | |
| 856 | 4 | 1 | _uhttp://www.loc.gov/catdir/toc/ecip0712/2007009123.html |
| 942 | _cEK | ||
| 999 |
_c17375 _d17375 |
||